| 000 | 00705nam a2200229 a 4500 | ||
|---|---|---|---|
| 005 | 20210223132349.0 | ||
| 008 | 140521s2001 es r 000 0 spa d | ||
| 020 | _a8478644296 | ||
| 035 | _aUPN01000197392 | ||
| 049 | _aI | ||
| 050 | 4 |
_aPQ8520.1 L4.2 _bC3.7 2001 |
|
| 100 | 1 |
_aAlcántara, Ricardo, _d1946- _930578 |
|
| 245 | 1 | 0 |
_aCaray, ¡qué lista es mi madre! / _cRicardo Alcántara ; il. Emilio Urberuaga. |
| 250 | _a2a ed. | ||
| 260 |
_aBarcelona, Esp. : _bCombel, _c2001. |
||
| 300 |
_a22 p. : _bil. col. |
||
| 440 | 0 |
_aCaballo alado. _pAl trote |
|
| 650 | 4 |
_aCUENTOS INFANTILES URUGUAYOS _911547 |
|
| 650 | 4 |
_aLEONES - _vCUENTOS Y LEYENDAS _910311 |
|
| 905 | _aInfantil | ||
| 999 |
_c169493 _d169493 |
||